000
00205nam a2200085Ia 4500
008
170617s9999 xx 000 0 und d
100
_a
Joseph marina rajan
245
0
_a
Epidemioloay for U G
260
_b
JAYPEE BROTHERS
260
_c
2007
999
_c
12923
_d
12923